000 02511cam a22002294a 4500
005 20250605163942.0
008 250528s ||||||||||||||||||||||||d
035 _a15086
020 _a131799460
040 _aGR-AtMCL
_bgre
_dGR-AtMCL
_eAACR2
245 1 _aCost Accounting / A Managerial Emphasis: Seventh Edition
250 _a7th
300 _a970
505 0 _aPreface, Cost Accounting Fundamentals, The Accountant's Role in the Organization, An Inroduction to Cost Terms and Purposes, Cost-Volume-Profit Relationships, Job Costing in Manufacturing, Job Costing for Services and Process Costing and Activity-Based Accounting, Budgets and Standards as Keys to Planning and Control, Flexible Budgets and Standards, Income Effects of Alternative Inventory - Costing Methods, Determining How Costs Behave, Cost Information for Various Decision and Control Purposes, Relevance and Costs and the Decision Process, Management Control Systems: Choice and Application, Cost Allocation and More on Costing Systems, Process-Costing Systems, Decision Models and Cost Information, Capital Budgeting and Cost Analysis, More on Cost Behavior and AnalysisCost Behavior and Regression Analysis, Cost Accounting and Systems Choice and Strategy and Management Control, Strategic Control Systems, Appendices, Glossary, Author and Company and Subject Index.
520 _aPreface, Cost Accounting Fundamentals, The Accountant's Role in the Organization, An Inroduction to Cost Terms and Purposes, Cost-Volume-Profit Relationships, Job Costing in Manufacturing, Job Costing for Services and Process Costing and Activity-Based Accounting, Budgets and Standards as Keys to Planning and Control, Flexible Budgets and Standards, Income Effects of Alternative Inventory - Costing Methods, Determining How Costs Behave, Cost Information for Various Decision and Control Purposes, Relevance and Costs and the Decision Process, Management Control Systems: Choice and Application, Cost Allocation and More on Costing Systems, Process-Costing Systems, Decision Models and Cost Information, Capital Budgeting and Cost Analysis, More on Cost Behavior and AnalysisCost Behavior and Regression Analysis, Cost Accounting and Systems Choice and Strategy and Management Control, Strategic Control Systems, Appendices, Glossary, Author and Company and Subject Index.
700 1 _aFoster George
_9930
700 1 _aHorngren Charles T
_9743
942 _cBK
260 _bPrentice Hall International
999 _c685
_d685